书目信息 |
| 题名: |
胡适集
|
|
| 作者: | 胡适 著 ;朱一帆 编著 | |
| 分册: | ||
| 出版信息: | 太原 北岳文艺出版社 2016 |
|
| 页数: | 256页 | |
| 开本: | 21cm | |
| 丛书名: | 民国诗风 | |
| 单 册: | ||
| 中图分类: | I226.7 | |
| 科图分类: | ||
| 主题词: | 古体诗--gu ti shi--注释--中国--现代 | |
| 电子资源: | ||
| ISBN: | 978-7-5378-4824-4 | |
| 000 | 00907nam0 22002651 450 | |
| 001 | 0127144029 | |
| 005 | 20170427144029.0 | |
| 010 | @a978-7-5378-4824-4@dCNY28.00 | |
| 100 | @a20161107d2016 em y0chiy50 ea | |
| 101 | 0 | @achi |
| 102 | @aCN@b140000 | |
| 105 | @ay z 000gy | |
| 106 | @ar | |
| 200 | 1 | @a胡适集@Ahu shi ji@f胡适著@g朱一帆编著 |
| 210 | @a太原@c北岳文艺出版社@d2016 | |
| 215 | @a256页@d21cm | |
| 225 | 2 | @a民国诗风@Amin guo shi feng@e中国现代作家旧体诗丛@f李遇春主编 |
| 330 | @a本书收录了胡适的《西湖钱王祠》、《留别近仁》、《十月九日离群索居俯仰身世率成》、《题秋女士瑾遗影》、《观爱国女校运动会纪之以诗》等旧体诗作品。 | |
| 461 | 0 | @12001 @a民国诗风 |
| 606 | 0 | @a古体诗@Agu ti shi@x注释@y中国@z现代 |
| 690 | @aI226.7@v5 | |
| 701 | 0 | @a胡适@Ahu shi@f(1891~1962)@4著 |
| 702 | 0 | @a朱一帆@Azhu yi fan@4编著 |
| 801 | 0 | @aCN@bTANGWEI@c20170308 |
| 905 | @b0966151-4@dI226.7@e95@f4 | |
| 胡适集/胡适著/朱一帆编著.-太原:北岳文艺出版社,2016 |
| 256页;21cm.-(民国诗风:中国现代作家旧体诗丛/李遇春主编) |
| ISBN 978-7-5378-4824-4:CNY28.00 |
| 本书收录了胡适的《西湖钱王祠》、《留别近仁》、《十月九日离群索居俯仰身世率成》、《题秋女士瑾遗影》、《观爱国女校运动会纪之以诗》等旧体诗作品。 |
| ● |
| 相关链接 |
|
|
|
|
正题名:胡适集
索取号:I226.7/95
 
预约/预借
| 序号 | 登录号 | 条形码 | 馆藏地/架位号 | 状态 | 备注 |
| 1 | 0966151 | 209661515 | 第一样本阅览室/ [索取号:I226.7/95] | 在馆 | |
| 2 | 0966152 | 209661524 | 第二借阅区/ [索取号:I226.7/95] | 在馆 | |
| 3 | 0966153 | 209661533 | 第二借阅区/ [索取号:I226.7/95] | 在馆 | |
| 4 | 0966154 | 209661542 | 第二借阅区/ [索取号:I226.7/95] | 在馆 |